| 000 | 01293nam a22002897a 4500 | ||
|---|---|---|---|
| 003 | EG-ScBUE | ||
| 005 | 20211101105524.0 | ||
| 008 | 211101s2004 ua f 000 0 ara d | ||
| 017 | _a2004 / 14043 | ||
| 020 | _a977204708X | ||
| 040 |
_aEG-ScBUE _bara _erda _cEG-ScBUE _dEG-ScBUE |
||
| 082 | 0 | 4 |
_a001.42 _bهـ و ا _222 |
| 100 | 1 |
_aالهواري، سيد، _eمؤلف. |
|
| 245 | 1 | 0 |
_aدليل الباحثين في إعداد البحوث العلمية : _bابتداء من اختيار الموضوع حتى وضع البحث في صورته النهائية / _cالدكتور سيد الهواري، عضو اللجنة العلمية الدائمة لترقية أعضاء هيئة التدريس، أستاذ إدارة الأعمال - كلية التجارة جامعة عين شمس. |
| 250 | _aطبعة مطورة حديثة. | ||
| 264 | 1 |
_aالقاهرة : _bمكتبة عين شمس، _c2004. |
|
| 300 |
_a87 صفحة ؛ _c20 سم |
||
| 336 |
_2rdacontent _aنص _btxt |
||
| 337 |
_2rdamedia _aبدون وسيط _bn |
||
| 338 |
_2rdacarrier _aمجلد _bnc |
||
| 541 | _cإهداء. | ||
| 650 | 7 |
_aطرق البحث. _2BUEsh |
|
| 650 | 7 |
_aالبحوث العلمية. _2BUEsh |
|
| 653 |
_bGGEN _cNovember2021 |
||
| 655 |
_vReading book _934232 |
||
| 942 | _2ddc | ||
| 999 |
_c29622 _d29593 |
||